000 00560nam a2200169 4500
001 128047
003 ES-MaACL
005 20230906193140.0
007 t|
008 070214s1970 sp r ||||1| spa d
100 1 _aRipellino, Angelo Maria.
_997417
245 1 0 _aSobre literatura rusa
_b: itinerario a lo maravilloso /
_cAngelo Maria Ripellino ; traducción de Antonio Pilgrau Rodríguez.
260 _aBarcelona :
_bBarral,
_c1970.
300 _a303 p. ;
_c19 cm.
700 1 _aPilgrau Rodríguez, Antonio.
_992026
852 _aES-MaACL
_jC-40261
_bR.75568
999 _c128047
_d128047